000 01646nam0a2200373 i 4500
001 RU\NLR\BIBL_A\010306292
005 20260408193629.0
010 _a9785867470401
_93000
021 _aRU
_b2014-11046
_9708
035 _a(NILC)RuMoRGB-006747796
035 _a(NLR Aleph) 010306292
090 _a10619113
_c10619113
100 _a20140415d2013 um y0rusy50 ca
101 0 _arus
102 _aRU
105 _aac||z||||00zb
200 1 _aПышки
_eрассказ о том, как Саша замуж выходила
_eбыль из жизни Святого Праведного старца Феодора Томского
_f[авт.-сост.: иерей Сергий Голубцов
_gхудож.: Сергей Васильевич Горбунов]
205 _a[Изд. 2-е]
210 _aОмск
_cПолиграф
_d2013
215 _a15 с.
_cцв. ил., портр.
_d21
600 1 _aФедор Кузьмич
_cстарец
_f- 1864
_jИздания для детей
_3RU\NLR\AUTH\661337458
_92228072
675 _a057.5:271.22
686 0 _aШ9
_bЭ
702 1 _4220
_8rus
_7ca
_aГолубцов
_bС. В.
_gСергей Владимирович
_cсвященник
_3RU\NLR\AUTH\7771123
_954051
702 1 _aГорбунов
_bС. В.
_gСергей Васильевич
_4040
702 0 _4570
_8rus
_7ca
_aФедор Кузьмич
_cстарец
_f-1864
_3RU\NLR\AUTH\7711798
_9121538
801 0 _aRU
_bRuMoRKP
_c20140227
_gRCR
801 2 _aRU
_bРГБ
_c20140312
_grcr
801 1 _aRU
_bRuMoRKP
_c20140227
_2rusmarc
942 _cBOOK
980 _aNBR